| 000 | 02068nam2a2200301 i 4500 | ||
|---|---|---|---|
| 001 | RU\NLR\BIBL_A\010713832 | ||
| 005 | 20260406133741.0 | ||
| 010 |
_a9785890169822 _9500 |
||
| 021 |
_aRU _b2015-10816 _9660 |
||
| 035 | _a(NLR Aleph) 010713832 | ||
| 090 |
_a9786961 _c9786961 |
||
| 100 | _a20150403d2014 k y0rusy50 ca | ||
| 101 | 0 |
_arus _deng _eeng |
|
| 102 | _aRU | ||
| 105 | _aach z 000zd | ||
| 200 | 1 |
_aГосударственная деятельность в царствование Екатерины II _dThe state activity in the reign of Catherine II _zeng |
|
| 210 | _d2014 | ||
| 215 |
_a159 с. _cил., цв. ил., портр., факс. |
||
| 300 | _aРез. на англ. яз. | ||
| 320 | _aБиблиогр.: с. 121-123, в подстроч. примеч. и в тексте | ||
| 461 | 0 |
_1001RU\NLR\BIBL_A\010735122 _12000#$aГ. Р. Державин: на службе у трех императоров$dG. R. Derzhavin: on service of three emperors$eмонография$eв 3 ч.$fН. С. Цинцадзе$gМ-во образования и науки Рос. Федерации, Федер. гос. бюджет. образоват. учреждение высш. проф. образования "Тамб. гос. ун-т им. Г. Р. Державина"$zeng$vЧ. 1 _1700#1$aЦинцадзе$bН. С.$gНина Сергеевна$f1984-$3RU\NLR\AUTH\77118746 _99879317 _aЦинцадзе, Н. С. (1984-) _cТамбов _d2014 _fН. С. Цинцадзе _lG. R. Derzhavin: on service of three emperors _nИзд-во ТГУ _oмонография : в 3 ч. _tГ. Р. Державин: на службе у трех императоров _vЧ. 1 |
|
| 510 | 1 |
_6z20790 7 _aThe state activity in the reign of Catherine II _zeng |
|
| 702 | 0 |
_4570 _8rus _7ca _aЕкатерина _cимператрица российская _dII _f1729-1796 _3RU\NLR\AUTH\772098 _9112115 |
|
| 790 | 1 |
_8rus _7ba _aCincadze _bN. S. _f1984- _gNina Sergeevna _3RU\NLR\AUTH\77118747 _9101672 |
|
| 942 | _cBOOK | ||
| 980 | _aNBR | ||